| 000 | 00806aas a2200229 4500 | ||
|---|---|---|---|
| 999 |
_c1804 _d1804 |
||
| 003 | BR-BrBNA | ||
| 005 | 20230317233321.0 | ||
| 007 | ta | ||
| 008 | 230119b bl ||||| |||| 00| 0 por d | ||
| 022 | _a1519-1060 | ||
| 035 | _a000485-5 | ||
| 040 |
_aBR-BrBNA _bPor _cBR-BrBNA |
||
| 042 | _aN | ||
| 044 | _abl | ||
| 245 | _aAgroecologia e Desenvolvimento Rural Sustentável (Brazil) | ||
| 260 |
_aPorto Alegre-RS _bEMATER/RS - Associação Riograndense de Empreendimentos de Assistencia Técnica e Extensão Rural _c2000 _eBrasil |
||
| 270 | _aRua Botafogo, 1051 - Bairro Menino Deus - 90150-053 - Porto Alegre - RS | ||
| 310 | _atrimestral (de três em três meses) | ||
| 505 | _a2000-01 1-2(1-4); 2002 3(1-4); 2011 4(1); 2012 5(1-3); 2013 6(1/2); 2014 7(1-2); | ||
| 909 |
_a56 _bSergio Santos _c56 _dSergio Santos |
||
| 942 |
_cCR _2AGRIS |
||